The Ghidra Book : The Definitive Guide /

Saved in:
Bibliographic Details
Main Authors: Eagle, Chris (Author), Nance, Kara (Author)
Format: Book
Language:English
Published: San Francisco : No Starch Press, 2020
Tags: Add Tag
No Tags, Be the first to tag this record!

MARC

LEADER 00000nam a22000003a 4500
001 0087073
003 SK-STU
005 20210205112242.2
007 ta
008 210205s ----xo-----e------000-0-----d
020 |a 978-1-7185-0102-7 
040 |a STU  |b slo 
041 0 |a eng 
044 |a xxu 
100 1 |a Eagle, Chris  |4 aut  |r Z6 
245 1 0 |a The Ghidra Book :  |b The Definitive Guide /  |c aut. Chris Eagle, Kara Nance 
260 |a San Francisco :  |b No Starch Press,  |c 2020 
300 |a 580 s. 
700 1 |a Nance, Kara  |r Z6  |4 aut 
996 |b 284EK90242  |c E* 90242  |l EE35  |s P  |a 0  |w 0087073_0001